00777nam a22002177a 4500003000500000005001700005008004100022010001000063011001000073035001000083040000900093100003000102245014900132260004000281300001000321502011600331650002500447650004500472650001900517650002300536CHAP20220329135637.0971013s1995 r 00010 d a39817 a40789 a44915 cCHAP00aMorales Barrios, Santana. aVariación de caracteres morfológicos y anatómicos de acículas en poblaciones naturales de Pinus engelmannii Carr. y Pinus cooperi Blanco aChapingo, Méx. :bEl autor,c1995 a79 h. aTesis (Ing. Forestal con Orientación en Silvicultura y Ecología) -- UACH. División de Ciencias Forestales14aEcología forestal.14aPináceasxFisiología y morfología.14aPinus cooperi.14aPinus engelmannii.